[Event "amistoso"]
[Site "http://www.queenalice.com/game.php?id=687401"]
[Date "2009.11.22"]
[Round "-"]
[White "ligadexadrezonline"]
[Black "betosantos"]
[Result "1-0"]
[WhiteElo "1534"]
[BlackElo "1554"]

1. e4 e5 2. Bc4 d6 3. Nf3 Nf6 4. Nc3 Nc6 5. h3 Bd7 6. Ng5 Qe7 7. Nxf7 Rg8 8. d3
Be6 9. Ng5 Bxc4 10. dxc4 h6 11. Nf3 a6 12. a3 Na5 13. b3 g5 14. g4 Bg7 15. Bd2
Nd7 16. Nd5 Qd8 17. Bxa5 b6 18. Bc3 c6 19. Ne3 Rf8 20. Nf5 Qf6 21. b4 c5 22.
Nxd6+ Kd8 23. Bxe5 Nxe5 24. Nf7+ Ke8 25. N7xe5 Qe6 26. Qd5 Qc8 27. Rd1 Ra7 28.
Nc6 Rd7 29. Qe6+ Re7 30. Qxc8+ Kf7 31. Qf5+ Kg8 32. Nxe7+ Kh8 33. Ng6+ 1-0

[Event "AUTO-OPEN-1773"]
[Site "http://www.queenalice.com/game.php?id=687776"]
[Date "2009.11.24"]
[Round "1"]
[White "josa23"]
[Black "ligadexadrezonline"]
[Result "1-0"]
[WhiteElo "1825"]
[BlackElo "1630"]

1. e4 e5 2. Nf3 Nc6 3. Bc4 Bc5 4. d3 a6 5. Be3 Bb4+ 6. c3 Be7 7. O-O h6 8. Nbd2
b5 9. Bb3 Nf6 10. Re1 g5 11. h3 d6 12. d4 g4 13. Nh2 gxh3 14. dxe5 Nxe5 15. g3
h5 16. Ndf3 Nxe4 17. Nxe5 dxe5 18. Qf3 f5 19. Rad1 Bd7 20. Bd5 Ra7 21. Bxa7 Ng5
22. Qd3 e4 23. Qd4 Bf6 24. Qc5 Be7 25. Qe3 c6 26. Bxc6 Qc7 27. Bxd7+ Kf7 28. Bb6
Qc4 29. Bxf5 Kf6 30. Bxe4 Kg7 31. Bd4+ Bf6 32. Qxg5+ Kf8 33. Qxf6+ Qf7 34. Bc5+
Kg8 35. Rd8+ 1-0

[Event "AUTO-OPEN-1773"]
[Site "http://www.queenalice.com/game.php?id=687777"]
[Date "2009.11.24"]
[Round "1"]
[White "ligadexadrezonline"]
[Black "josa23"]
[Result "0-1"]
[WhiteElo "1562"]
[BlackElo "1851"]

1. e4 e5 2. Nf3 Nc6 3. a3 d6 4. c3 Bg4 5. Bc4 Qf6 6. Be2 Nge7 7. d3 Ng6 8. Bg5
Qe6 9. h3 Bxf3 10. Bxf3 h6 11. Bg4 f5 12. Bxf5 Qf7 13. g3 hxg5 14. Bxg6 Qxg6 15.
Qf3 Be7 16. a4 O-O-O 17. Nd2 Rdf8 18. Qg4+ Kb8 19. O-O-O Rxf2 20. b4 Rhf8 21.
Nc4 Ra2 22. Kb1 Rff2 23. a5 b6 24. Qd7 b5 25. Qxc6 bxc4 26. a6 Rfb2+ 27. Kc1 Kc8
28. g4 Rc2+ 29. Kb1 Bf6 30. Qb7+ Kd7 31. Qxa7 cxd3 32. Qb7 d2 33. Qb5+ Ke7 34.
Rxd2 Rxd2 35. Qc6 Kd8 36. Qb7 Qf7 37. a7 Qb3+ 38. Kc1 Qc2# 0-1

[Event "LIGA"]
[Site "http://www.queenalice.com/game.php?id=688127"]
[Date "2009.11.24"]
[Round "1"]
[White "ligadexadrezonline"]
[Black "betosantos"]
[Result "1/2-1/2"]
[WhiteElo "1618"]
[BlackElo "1534"]

1. e4 e5 2. Nf3 Nc6 3. c3 d6 4. h3 Nf6 5. Bd3 a6 6. b4 h6 7. b5 Ne7 8. Qa4 Bd7
9. Qb4 c5 10. Qb3 Be6 11. c4 axb5 12. Qxb5+ Bd7 13. Qb2 Nc6 14. Na3 Nb4 15. Qc3
Nh5 16. g4 Nf4 17. Be2 Be7 18. d3 Ng2+ 19. Kd1 O-O 20. Bd2 Ba4+ 21. Kc1 Qd7 22.
Qb2 Na6 23. Rb1 Rab8 24. g5 h5 25. h4 g6 26. Bc3 Nf4 27. Kd2 Nc7 28. Bf1 Qg4 29.
Be2 b6 30. Rhg1 1/2-1/2

[Event "AUTO-INT-1589"]
[Site "http://www.queenalice.com/game.php?id=720237"]
[Date "2010.1.25"]
[Round "1"]
[White "manucies"]
[Black "ligadexadrezonline"]
[Result "0-1"]
[WhiteElo "1602"]
[BlackElo "1629"]

1. e4 e5 2. Nf3 f6 3. Bc4 Nc6 4. Bxg8 Rxg8 5. O-O Bc5 6. b3 h6 7. Bb2 d6 8. d4
Bb6 9. d5 Ne7 10. Nc3 Bg4 11. Ne2 Bxf3 12. gxf3 f5 13. c4 c6 14. b4 c5 15. bxc5
Bxc5 16. Qa4+ Kf7 17. Ng3 g6 18. h4 f4 19. Ne2 g5 20. hxg5 Rxg5+ 21. Kh2 Qg8 22.
Rg1 Bxf2 23. Rxg5 Qxg5 24. Ba3 Rg8 25. Bxd6 Qg2# 0-1

[Event "AUTO-INT-1589"]
[Site "http://www.queenalice.com/game.php?id=720238"]
[Date "2010.1.25"]
[Round "1"]
[White "ligadexadrezonline"]
[Black "manucies"]
[Result "1-0"]
[WhiteElo "1733"]
[BlackElo "1509"]

1. e4 e5 2. Nf3 Nc6 3. Bc4 d6 4. Bb5 Bd7 5. Bxc6 Bxc6 6. Nc3 g6 7. d3 Bg7 8. a4
Nf6 9. Bg5 O-O 10. d4 Bxe4 11. Nxe4 d5 12. Nc5 e4 13. Nd2 b6 14. Ncb3 h6 15.
Bxf6 Qxf6 16. f3 exf3 17. gxf3 Rae8+ 18. Kf1 Qh4 19. a5 Bxd4 20. Nxd4 Qxd4 21.
Nb3 Qc4+ 22. Kg2 Re2+ 23. Kg3 Rxc2 24. Nd4 Rxb2 25. Rc1 Qa2 26. Rc2 bxa5 27. Re1
Rxc2 28. Nxc2 c6 29. Re2 Qb3 30. Re3 Qc4 31. Qd2 f5 32. f4 g5 33. Na3 Qxf4+ 34.
Kg2 Qg4+ 35. Rg3 Qe4+ 36. Kg1 f4 37. Rg4 Qf3 38. Rg2 g4 39. Nc2 h5 40. Rf2 Qe4
41. Nd4 f3 42. Qg5+ Kf7 43. Qxh5+ Kg7 44. Qg5+ Kf7 45. Qd2 Rg8 46. Qd1 g3 47.
Rxf3+ Ke8 48. hxg3 c5 49. Nc2 d4 50. Qe1 Qxe1+ 51. Nxe1 c4 52. Rf4 Rxg3+ 53. Kf2
d3 54. Nf3 Rg7 55. Re4+ Re7 56. Ke3 Rxe4+ 57. Kxe4 d2 58. Nxd2 c3 59. Nb3 a4 60.
Na1 Kd7 61. Kd3 Kc6 62. Kxc3 Kb5 63. Nc2 a6 64. Kb2 1-0

[Event "AUTO-INT-1589"]
[Site "http://www.queenalice.com/game.php?id=720251"]
[Date "2010.1.25"]
[Round "1"]
[White "marcosbratz"]
[Black "ligadexadrezonline"]
[Result "1-0"]
[WhiteElo "1696"]
[BlackElo "1604"]

1. e4 e5 2. Nf3 f6 3. Nxe5 c6 4. Nf3 d6 5. d4 Bg4 6. Be2 Bxf3 7. Bxf3 g5 8. O-O
h5 9. Bxh5+ Kd7 10. Nc3 b5 11. Bg4+ Ke7 12. f4 Ke8 13. fxg5 Be7 14. gxf6 Bxf6
15. e5 dxe5 16. dxe5 Qb6+ 17. Kh1 Bxe5 18. Re1 Nf6 19. Rxe5+ Kf8 20. Qf3 Qd8 21.
Bg5 Kg7 22. Rd1 Qf8 23. Ne4 Kg6 24. Bxf6 Kh7 25. Re7+ Kg6 26. Qf5+ Kh6 27. Bg5#
1-0

[Event "AUTO-INT-1589"]
[Site "http://www.queenalice.com/game.php?id=720252"]
[Date "2010.1.25"]
[Round "1"]
[White "ligadexadrezonline"]
[Black "marcosbratz"]
[Result "1-0"]
[WhiteElo "1560"]
[BlackElo "1708"]

1. e4 e5 2. Nf3 Nc6 3. Nc3 Bb4 4. Nd5 Be7 5. c3 Nf6 6. Qe2 O-O 7. d3 d6 8. h3
Be6 9. Ne3 d5 10. Nc2 a5 11. g4 dxe4 12. dxe4 Bc5 13. g5 Nh5 14. Nh4 Nf4 15.
Bxf4 exf4 16. Bg2 Ne5 17. Rd1 Qxg5 18. Rg1 Qxh4 19. Nd4 Bxd4 20. cxd4 f3 21.
Bxf3 Nxf3+ 22. Qxf3 Qxh3 23. Qf4 Bxa2 24. Ke2 Bc4+ 25. Ke1 c6 26. Qe5 Qf3 27.
Qxg7# 1-0

[Event "AUTO-INT-1589"]
[Site "http://www.queenalice.com/game.php?id=720261"]
[Date "2010.1.25"]
[Round "1"]
[White "ligadexadrezonline"]
[Black "lucasitajobi"]
[Result "1-0"]
[WhiteElo "1687"]
[BlackElo "1532"]

1. e4 e5 2. Nf3 f6 3. Nxe5 fxe5 4. Qh5+ g6 5. Qxe5+ Ne7 6. Qxh8 Nbc6 7. Qxh7 Ne5
8. d4 Nf7 9. Bc4 d5 10. exd5 Bf5 11. Na3 g5 12. Qh5 Bg6 13. Qf3 c6 14. h4 cxd5
15. Bb3 Be4 16. Ba4+ Nc6 17. Qh5 Qd6 18. c3 Qe6 19. O-O Bd3 20. Bd2 O-O-O 21.
Rfe1 Qf5 22. hxg5 Qxf2+ 23. Kxf2 1-0

[Event "AUTO-INT-1589"]
[Site "http://www.queenalice.com/game.php?id=720262"]
[Date "2010.1.25"]
[Round "1"]
[White "lucasitajobi"]
[Black "ligadexadrezonline"]
[Result "0-1"]
[WhiteElo "1505"]
[BlackElo "1718"]

1. e4 e5 2. Nf3 d6 3. Bc4 a6 4. d3 h6 5. Nc3 b5 6. Bd5 c6 7. Bb3 a5 8. a4 b4 9.
Ne2 f6 10. O-O g5 11. c3 Bg4 12. Bxg8 Rxg8 13. Ng3 Bxf3 14. Qxf3 Nd7 15. Be3 g4
16. Qe2 c5 17. cxb4 cxb4 18. d4 Rb8 19. Rac1 Nb6 20. b3 Nd7 21. dxe5 Nxe5 22.
Nf5 Nf7 23. Rc6 Ne5 24. Ra6 Rh8 25. f4 gxf3 26. gxf3 h5 27. Rd1 Nf7 28. Ba7 Rb7
29. Nd4 Ne5 30. h3 Qd7 31. Bb6 Rg8+ 32. Kf2 Qxh3 33. Ra8+ Kf7 34. Bxa5 Qg2+ 35.
Ke1 Qg3+ 36. Kd2 Qh3 37. f4 Rg2 38. fxe5 dxe5 39. Nc6 Qc3# 0-1

[Event "LIGA"]
[Site "http://www.queenalice.com/game.php?id=727740"]
[Date "2010.2.7"]
[Round "2"]
[White "polly"]
[Black "ligadexadrezonline"]
[Result "0-1"]
[WhiteElo "1638"]
[BlackElo "1745"]

1. e4 e5 2. Nf3 d6 3. g3 Bg4 4. Bg2 Bxf3 5. Qxf3 Nf6 6. h3 Be7 7. O-O b5 8. d3
h6 9. Nc3 a6 10. Be3 Nc6 11. a3 g5 12. Nd5 a5 13. Nxf6+ Bxf6 14. c3 a4 15. d4
Qe7 16. d5 Na5 17. Rac1 Nb3 18. Rc2 h5 19. g4 h4 20. Qe2 Rb8 21. c4 b4 22. axb4
Rxb4 23. c5 O-O 24. Rc4 Rfb8 25. c6 Na5 26. Rxb4 Rxb4 27. Qa6 Nc4 28. Bc1 Nb6
29. Re1 Rb3 30. Re3 Rb4 31. Qa5 Rc4 32. Re1 Rc5 33. Qb4 Rc4 34. Qa3 Qd8 35. Be3
Qa8 36. Bxb6 cxb6 37. Qxd6 Kg7 38. c7 Qb7 39. Qa3 Qxc7 40. b3 axb3 41. Qxb3 Be7
42. Bf1 Rb4 43. Qf3 f6 44. Rd1 b5 45. Bg2 Rb2 46. Qe3 Qc2 47. Rf1 Bc5 48. Qf3
Rb1 49. Rxb1 Qxb1+ 50. Bf1 b4 51. Kg2 b3 52. Qc3 Qxe4+ 53. f3 Qxd5 54. Bc4 Qd1
55. Bxb3 Qg1# 0-1

[Event "LIGA"]
[Site "http://www.queenalice.com/game.php?id=766909"]
[Date "2010.4.26"]
[Round "3"]
[White "ligadexadrezonline"]
[Black "tche_elvio"]
[Result "0-1"]
[WhiteElo "1765"]
[BlackElo "1578"]

1. e4 c5 2. Bc4 Nc6 3. Qf3 Ne5 4. Qb3 Nxc4 5. Qxc4 d6 6. Nc3 Nf6 7. f3 h6 8.
Nge2 Bd7 9. h4 a6 10. a4 b5 11. Qd3 e5 12. b3 Be7 13. Bb2 O-O 14. Nd5 Nxd5 15.
Qxd5 Bxh4+ 16. g3 Be6 17. Qd3 Bf6 18. g4 d5 19. Qe3 Bh4+ 20. Kd1 Bg5 21. Qxc5
Be7 22. Qg1 d4 23. d3 bxa4 24. f4 exf4 25. Nxf4 axb3 26. cxb3 Bxb3+ 27. Ke2 a5
28. Rh5 Bg5 29. Ng2 Rc8 30. Ne1 a4 31. Kf3 Qf6+ 32. Ke2 Qf4 33. Qxd4 Qd2+ 34.
Kf1 Qf4+ 35. Nf3 Qxf3+ 36. Kg1 Be3+ 37. Qxe3 Qxe3+ 38. Kh1 Qxd3 39. Rg1 Qxe4+
40. Rg2 Rc2 41. Rh2 Rxg2 42. Rxg2 Bd5 0-1

[Event "LIGA"]
[Site "http://www.queenalice.com/game.php?id=785115"]
[Date "2010.6.3"]
[Round "4"]
[White "flvsnts"]
[Black "ligadexadrezonline"]
[Result "1-0"]
[WhiteElo "1817"]
[BlackElo "1728"]

1. e4 e5 2. Nf3 Bd6 3. Bc4 Qf6 4. d3 h6 5. Nc3 c6 6. a3 b5 7. Bb3 g5 8. d4 exd4
9. Nxd4 Bc5 10. Be3 Na6 11. O-O d6 12. Nxc6 Bb7 13. Nd5 Qxb2 14. Ncb4 Qe5 15.
Nxa6 Rc8 16. Ndc7+ Kd7 17. Nxc5+ Kxc7 18. Nxb7 Kxb7 19. Bd4 Qxe4 20. Bxh8 f6 21.
Bd5+ Qxd5 22. Qxd5+ Kb8 23. Qxd6+ Rc7 24. Rfe1 f5 25. Rab1 Ne7 26. Rxe7 1-0